000 00644nam a2200241Ia 4500
003 OSt
005 20221007075824.0
006 a|||||r|||| 00| 0
007 ta
008 221006b |||||||| |||| 00| 0 eng d
020 _a9780190053437
024 _a45,614
037 _cTextual
040 _aFLL
_cFLL
_beng
041 _2eng
_aeng
082 _aW87, Q8
100 _aSANDLER Todd
_9142487
245 0 _aTerrorism
_b What everyone needs to know
260 _aNew Delhi
_bOxford University Press India
_c2018
300 _axx,186p.
_ccm.
942 _hW87, Q8
_cTEXL
_2CC
999 _c1157481
_d1157481